Classifica Serie B 2019-2020 - Statistics

Statistiche generali
  • Questo quiz è stato fatto 39 volte
  • Il punteggio medio è 15 su 20
Statistiche sulle risposte
Squadra Punti Vinte Pareggiate Perse Gol fatti Gol subiti % Corretto
Frosinone 54 14 12 12 41 38
95%
Benevento 86 26 8 4 67 27
91%
Crotone 68 20 8 10 63 40
86%
Perugia 45 12 9 17 38 49
86%
Pescara 45 12 9 17 48 55
86%
Spezia 61 17 10 11 54 40
86%
Empoli 54 14 12 12 47 48
82%
Pisa 54 14 12 12 49 45
82%
Pordenone 58 16 10 12 48 46
82%
Salernitana 52 14 10 14 53 50
82%
Ascoli 46 13 7 18 50 58
77%
Cittadella 58 17 7 14 49 49
77%
Cremonese 49 12 13 13 42 43
77%
Livorno 21 15 6 27 30 67
77%
Cosenza 46 12 10 16 50 49
73%
Virtus Entella 48 12 12 14 46 50
68%
Venezia 50 12 14 12 37 40
64%
ChievoVerona 56 14 14 10 48 38
59%
Trapani 44 11 13 14 48 60
59%
Juve Stabia 41 11 8 19 47 63
55%
Nessun quiz corrispondente trovato
Distribuzione punteggi
Percentuale di utenti per punteggio
Percentile per numero di risposta
I tuoi punteggi nel tempo
Non hai fatto questo quiz